| 000 | 00482nam a2200193Ia 4500 | ||
|---|---|---|---|
| 999 |
_c25570 _d25570 |
||
| 003 | 0100 | ||
| 005 | 20190628142829.0 | ||
| 008 | 130303s9999 xx 000 0 und d | ||
| 020 | _a052123932X | ||
| 040 | _cARRUPELIB | ||
| 050 | _aH61.T475 1981 | ||
| 100 |
_aThompson, John B _946633 |
||
| 245 | _aCritical hermeneutics | ||
| 245 | _ba study in the thought of Paul Ricoeur and Jurgen Habermas | ||
| 260 |
_aNew York _bCambridge University Press _c1981 |
||
| 300 | _a257p. | ||
| 300 | _b 23cm. | ||
| 650 |
_aSocial sciences _914592 |
||
| 942 | 0 | 0 |
_01 _2lcc _cMONOGRAPH |